Countries with a Human Development Below 0.500 - Statistics

General Stats
  • This quiz has been taken 48 times
  • The average score is 21 of 30
Answer Stats
HDI Country % Correct
0.353 Niger
96%
0.435 D.R. Congo
89%
0.490 Sudan
87%
0.396 Chad
83%
0.442 Mali
83%
0.418 South Sudan
80%
0.352 Central African Republic
78%
0.414 Guinea
78%
0.404 Burundi
76%
0.479 Afghanistan
74%
0.485 Benin
74%
0.498 Rwanda
74%
0.448 Ethiopia
70%
0.424 Guinea-Bissau
70%
0.476 Malawi
70%
0.487 Togo
70%
0.493 Uganda
70%
0.402 Burkina Faso
67%
0.427 Liberia
67%
0.452 Gambia
65%
0.494 Senegal
65%
0.473 Djibouti
63%
0.420 Eritrea
63%
0.418 Mozambique
61%
0.493 Haiti
59%
0.420 Sierra Leone
59%
0.482 Yemen
57%
0.497 Lesotho
54%
0.474 Ivory Coast
50%
0.497 Comoros
37%
No matching quizzes found
Score Distribution
Percent of People with Each Score
Percentile by Number Answered
Your Score History
You have not taken this quiz